Chinese collaboration with Japan,1932-1945: The limits of accommodation (Record no. 1319147)

MARC details
000 -LEADER
fixed length control field 00771nam a2200229Ia 4500
005 - DATE AND TIME OF LATEST TRANSACTION
control field 20250507130339.0
008 - FIXED-LENGTH DATA ELEMENTS--GENERAL INFORMATION
fixed length control field 008 250505s9999 xx 000 0 eng d
020 ## - INTERNATIONAL STANDARD BOOK NUMBER
International Standard Book Number 0-8047-3768-I
037 ## - SOURCE OF ACQUISITION
Stock number Annuals, Advances
040 ## - CATALOGING SOURCE
Original cataloging agency EASL
Language of cataloging eng
Transcribing agency EASL
041 ## - LANGUAGE CODE
Language code of text/sound track or separate title eng
Source of code eng
084 ## - COLON CLASSIFICATION NUMBER
Classification number V41:1942-N45, P1
Assigning agency EASL
100 ## - MAIN ENTRY--PERSONAL NAME
Personal name Barrett David P. Ed.
9 (RLIN) 665151
245 #0 - TITLE STATEMENT
Title Chinese collaboration with Japan,1932-1945: The limits of accommodation
260 ## - PUBLICATION, DISTRIBUTION, ETC.
Place of publication, distribution, etc. USA
Name of publisher, distributor, etc. Stanfrod Stanfrod university press U.S.A
Date of publication, distribution, etc. 2001
300 ## - PHYSICAL DESCRIPTION
Extent xiv,290P.
490 ## - SERIES STATEMENT
Volume/sequential designation V.2
650 ## - SUBJECT ADDED ENTRY--TOPICAL TERM
Topical term or geographic name entry element CEL; JEL; China - History; Collaborationists - China
9 (RLIN) 755242
700 ## - ADDED ENTRY--PERSONAL NAME
Personal name Shyu Larry N. Ed.
9 (RLIN) 665153
942 ## - ADDED ENTRY ELEMENTS (KOHA)
Koha item type Textual
Classification part V41:1942-N45, P1

No items available.

Copyright @ Delhi University Library System